000 00490nmm a2200169Ia 4500
008 251105s9999||||xx |||||||||||||||||und||
020 _a9788425230769
041 _aspa
100 _aSchenkel, Yan
245 0 _aLa banda de Pica Pau :
_b 20 divertidos amigurumis
264 _a[Madrid, España] :
_bEditorial Gustavo Gili,
_c2018
300 _a160 páginas
490 _aGGDIY
650 _aDesign and fashion
856 _uhttps://public.digitaliapublishing.com/a/65914
942 _cCF
999 _c80354
_d80354